Storia inimitabile del Dandy /
Guardat en:
| Autor principal: | |
|---|---|
| Altres autors: | |
| Format: | Llibre |
| Idioma: | italià |
| Publicat: |
Milano :
Rizzoli,
1965
|
| Col·lecció: | Antologie e storie
|
| Matèries: | |
| Etiquetes: |
Sense etiquetes, Sigues el primer a etiquetar aquest registre!
|
MARC
| LEADER | 00000nam a22000007i 4500 | ||
|---|---|---|---|
| 001 | IT\ICCU\SBL\0267319 | ||
| 003 | ItRI | ||
| 005 | 20260115232246.0 | ||
| 008 | 910930s1965 it |||||| ||||| |||||c | ||
| 040 | |b ita |c importazione bologna sebina | ||
| 041 | 7 | |a ita |2 ISO-639-2 | |
| 082 | |a 301.43 |9 GRUPPI PER ETA |2 16 | ||
| 100 | 1 | |a Moers, Ellen |0 IT\ICCU\SBLV\148298 |4 aut | |
| 240 | 1 | 4 | |a The Dandy, Brummell to Beerbohm |3 IT\ICCU\SBL\0267320 |9 Moers, Ellen |
| 245 | 1 | 0 | |a Storia inimitabile del Dandy / |c Ellen Moers. |
| 260 | |a Milano : |b Rizzoli, |c 1965 | ||
| 300 | |a 471 p., 8! c. di tav. : |b ill. ; |c 23 cm | ||
| 500 | |a Trad. di Franco Niederberg. | ||
| 650 | 7 | |a Dandismo | |
| 700 | 1 | |a Niederberg, Franco |0 IT\ICCU\SBLV\148299 |4 trl | |
| 830 | 0 | |a Antologie e storie |0 IT\ICCU\SBL\0531767 | |
| 942 | |2 ddc |c BK |n 0 | ||
| 952 | |0 0 |1 0 |4 0 |6 DOC_391_009000000000000_MOE |7 0 |9 23118 |a BO |b BO |d 2026-01-15 |i 1255 |l 0 |o DOC 391.009 MOE |p BO1255 |r 2026-01-15 23:22:46 |w 2026-01-15 |x [Sebina 7] [1 v.] |y BK |z 1 v. | ||
| 999 | |c 19714 |d 19714 | ||